Paniniya siksa: (Record no. 1435453)

MARC details
000 -LEADER
fixed length control field 00820 a2200241 4500
005 - DATE AND TIME OF LATEST TRANSACTION
control field 20251118120034.0
008 - FIXED-LENGTH DATA ELEMENTS--GENERAL INFORMATION
fixed length control field 251118b |||||||| |||| 00| 0 eng d
037 ## - SOURCE OF ACQUISITION
Terms of availability TB
040 ## - CATALOGING SOURCE
Original cataloging agency CRL
Transcribing agency CRL
041 ## - LANGUAGE CODE
Source of code eng
Language code of text/sound track or separate title eng
Language code of original san
084 ## - COLON CLASSIFICATION NUMBER
Classification number P15,Cx1,1 111N1;R5
Assigning agency CRL
100 ## - MAIN ENTRY--PERSONAL NAME
Personal name Ghosh, Manmohan
9 (RLIN) 821347
245 ## - TITLE STATEMENT
Title Paniniya siksa:
Remainder of title text and translation
260 ## - PUBLICATION, DISTRIBUTION, ETC.
Place of publication, distribution, etc. Delhi, India:
Name of publisher, distributor, etc. V. K. Publishing House,
Date of publication, distribution, etc. 2025.
300 ## - PHYSICAL DESCRIPTION
Extent lxvi, 90p.
365 ## - TRADE PRICE
Price amount 400.00
Currency code INR
546 ## - LANGUAGE NOTE
Language note Translated from Sanskrit to English
650 ## - SUBJECT ADDED ENTRY--TOPICAL TERM
Topical term or geographic name entry element Panini
9 (RLIN) 851973
650 ## - SUBJECT ADDED ENTRY--TOPICAL TERM
Topical term or geographic name entry element Sanskrit Language
9 (RLIN) 851974
650 ## - SUBJECT ADDED ENTRY--TOPICAL TERM
Topical term or geographic name entry element Sanskrit Grammar
9 (RLIN) 851975
942 ## - ADDED ENTRY ELEMENTS (KOHA)
Koha item type Textbook
Source of classification or shelving scheme Colon Classification (CC)
Suppress in OPAC No
Classification part P15,Cx1,1 111N1;R5
Holdings
Withdrawn status Lost status Source of classification or shelving scheme Damaged status Not for loan Home library Current library Date acquired Source of acquisition Cost, normal purchase price Inventory number Total Checkouts Full call number Barcode Date last seen Cost, replacement price Price effective from Koha item type
    Colon Classification (CC)     Central Library Central Library 2025-10-03 25/ Eastern Book Linkers 320.00 38 & 2025-10-01   P15,Cx1,1 111N1;R5 CL1923716 2025-10-03 400.00 2025-10-03 Textbook
Copyright @ Delhi University Library System